000 00657nam a22001817a 4500
003 UA-OsUOA
001 15321
007 ta
008 20031106b un ||||| |||| 00| 0 ukr d
100 _aВласенко В.
942 _cSA
040 _aUA-OsUOA
_cUA-OsUOA
_dUA-OsUOA
245 _aПриватБанк - надійність, перевірена часом
_b[Рівнен. філія ПриватБанку відзначає 10-річчя з дня реєстрації в НБУ]
300 _aС.3
955 _a0
773 0 _w0
_tРівне вечірнє
_dРівне
_d2003
_g№55/1 серп./
650 7 _aКраєзнавча робота
_2UDC
999 _c301486
_d301486